00580nam a22001337a 4500008004100000040005500041080002600096245018800122260003700310300001600347650003000363653002700393700002600420230428b |||||||| |||| 00| 0 eng d aNational Science LibrarycNational Science Library a537.311.33(082.2)bL3 aElectronic and structural properties of amorphous semiconductors c/Academic Press, Proceedings of the thirteenth session of the Scottish universities summer school in physics, 1972  aLondon: bAcademic Press, c1973 axiv, 630p.  aAmorphous semiconductors  aElectronic properties  aComber, P G Le (Ed.)